书目信息 |
| 题名: |
商务英语视听说教师用书
|
|
| 作者: | 马龙海 , 李毅 主编 | |
| 分册: | ||
| 出版信息: | 北京 外语教学与研究出版社 2009.06 |
|
| 页数: | 224页 | |
| 开本: | 26cm | |
| 丛书名: | 高等学校英语拓展系列教材 | |
| 单 册: | ||
| 中图分类: | H319.9 | |
| 科图分类: | ||
| 主题词: | 商务--shang wu--英语--听说教学--高等学校--教学法考参资料 | |
| 电子资源: | ||
| ISBN: | 978-7-5600-8662-0 | |
| 000 | 01179nam 2200289 450 | |
| 001 | B00000003629 | |
| 005 | 20110714110953.84 | |
| 010 | @a978-7-5600-8662-0@dCNY27.90 | |
| 100 | @a20100118d2009 km y0chiy50 ea | |
| 101 | 0 | @aeng |
| 102 | @aCN@b110000 | |
| 105 | @aak z 000yy | |
| 106 | @ar | |
| 200 | 1 | @a商务英语视听说教师用书@Ashang wu ying yu shi ting shuo jiao shi yong shu@d= Business english:viewing listening to speaking@f主编马龙海, 李毅@zeng |
| 210 | @a北京@c外语教学与研究出版社@d2009.06 | |
| 215 | @a224页@c图@d26cm | |
| 225 | 2 | @a高等学校英语拓展系列教材@Agao deng xue xiao ying yu tuo zhan xi lie jiao cai |
| 330 | @a《商务英语视听说》主要面向大学本科非英语专业的学生,也可供其他商务英语学习者使用。教学目标是达到大学英语课程教学要求中对专业英语教学的要求,并达到BEC初级证书和中级证书的考试要求。 | |
| 410 | 0 | @12001 @a高等学校英语拓展系列教材 |
| 510 | 1 | @aBusiness english:viewing listening to speaking@zeng |
| 586 | @a | |
| 606 | 0 | @a商务@Ashang wu@x英语@x听说教学@x高等学校@j教学法考参资料 |
| 690 | @aH319.9@v5 | |
| 701 | 0 | @a马龙海@Ama long hai@4主编 |
| 701 | 0 | @a李毅@Ali yi@4主编 |
| 801 | 0 | @aCN@c20110610 |
| 905 | @dH319.9@eM0912@f3 | |
| 商务英语视听说教师用书= Business english:viewing listening to speaking/主编马龙海, 李毅.-北京:外语教学与研究出版社,2009.06 |
| 224页:图;26cm.-(高等学校英语拓展系列教材) |
| ISBN 978-7-5600-8662-0:CNY27.90 |
| 《商务英语视听说》主要面向大学本科非英语专业的学生,也可供其他商务英语学习者使用。教学目标是达到大学英语课程教学要求中对专业英语教学的要求,并达到BEC初级证书和中级证书的考试要求。 |
| ● |
| 相关链接 |
|
|
|
正题名:商务英语视听说教师用书
索取号:H319.9/M0912
 
预约/预借
| 序号 | 登录号 | 条形码 | 馆藏地/架位号 | 状态 | 备注 |
| 1 | 883079 | 208830791 | 语言库209/209语言库 30排2列3层/ [索取号:H319.9/M0912] | 在馆 | |
| 2 | 883080 | 208830808 | 语言库209/209语言库 30排2列3层/ [索取号:H319.9/M0912] | 在馆 | |
| 3 | 883081 | 208830817 | 语言库209/209语言库 30排2列3层/ [索取号:H319.9/M0912] | 在馆 |